000 00975nas a2200325 4500
001 BR0603221
003 BR-BrBNA
005 20231205110148.0
007 ta
008 230509b bl.|||p| |||| 00| 00por d
040 _aBR-BrBNA
_bpor
_cBiblioteca Nacional de Agricultura
041 _a(Pt)
072 _aF62
100 1 _aCarvalho, R.I.N. de
100 1 _aZanette, F.
245 1 _aVariações do conteúdo de carboidratos em gemas e ramos de dois anos de macieira em região de baixa ocorrência de frio
650 _aMAÇÃ
650 _aVARIEDADE
650 _aGEMA
650 _aRAMO
650 _aCARBOIDRATO
650 _aDORMÊNCIA
650 _aTEMPERATURA
650 _aANÁLISE ESTATÍSTICA
650 _aFISIOLOGIA VEGETAL
650 _aCRESCIMENTO
773 0 _tRevista Brasileira de Fruticultura (Brazil)
_xISSN 0100-2945
_g(Dec 2005), v. 27(3) p. 352-355
_wBR0603221
909 _a202311
_bLúcia
_c55
_dLúcia Elande
942 _2AGRIS
_n0
_cANA
999 _c186391
_d186391